Score 0/20 Timer 02:00
1 Play Today
% Correct
Half
99%
Love
96.3%
Mice
93.6%
Last
91.7%
Chest
90.8%
Make
90.3%
Venus
89.9%
All
87.6%
Moon
81.2%
Mirror
80%
% Correct
Mystery
78.6%
Iron
77.2%
Certain
68.8%
Sea
66.4%
Six
64%
Sorrow
42.8%
Young
40.1%
Lion
34.4%
U.N.C.L.E.
28.5%
Snowy
26.4%

Today's Daily Dose

Remove Ads.
Support Sporcle.
Get the best of Sporcle when you Go Orange. This ad-free experience offers more features, more stats, and more fun while also helping to support Sporcle. Thank you for becoming a member.

You're not logged in!

Compare scores with friends on all Sporcle quizzes.
OR
Log In

Show Comments

Extras

Top Quizzes Today


Score Distribution

Your Account Isn't Verified!

In order to create a playlist on Sporcle, you need to verify the email address you used during registration. Go to your Sporcle Settings to finish the process.

Report this User

Report this user for behavior that violates our Community Guidelines.

Details: